Colleges & Universities in New England that are Top 250 Nationally - Statistics

General Stats
  • This quiz has been taken 1,175 times
    624 since last reset
  • The average score is 15 of 32
Answer Stats
National Ranking State Answer % Correct
8 MA Harvard University
98%
4 CT Yale University
98%
3 MA Massachusetts Institute of Technology
94%
18 RI Brown University
92%
16 NH Dartmouth College
85%
59 MA Boston College
83%
53 MA Boston University
78%
128 MA University of Massachusetts Amherst
77%
181 VT University of Vermont
76%
85 CT University of Connecticut
69%
24 MA Amherst College
51%
73 MA Northeastern
50%
52 MA Tufts University
47%
25 ME Bowdoin College
45%
17 MA Williams College
38%
51 VT Middlebury College
34%
135 MA Smith College
31%
23 MA Wellesley College
30%
145 ME Colby College
29%
103 MA College of the Holy Cross
29%
80 ME Bates College
28%
54 CT Wesleyan University
28%
105 MA Brandeis University
27%
246 MA University of Massachusetts Lowell
27%
208 RI Rhode Island School of Design
25%
244 MA Mount Holyoke College
23%
71 CT Trinity College
19%
166 MA Worcester Polytechnic Institute
19%
161 CT Connecticut College
18%
96 MA Babson College
17%
186 MA Bentley University
17%
69 MA Franklin W Olin College of Engineering
6%
No matching quizzes found
Score Distribution
Percent of People with Each Score
Percentile by Number Answered
Your Score History
You have not taken this quiz since the last reset